[Event "queimadasfitas"]
[Site "?"]
[Date "2024.04.25"]
[Round "1.1"]
[White "Sousa, Andre Miguel Vale Ventura"]
[Black "Silva, Tiago Oliveira Da"]
[Result "1-0"]
[LiveChessVersion "1.4.8"]
[BlackElo "1692"]
[WhiteElo "2426"]

1. e4 c6 2. d4 d5 3. e5 Bf5 4. Nf3 e6 5. Be2 Nd7 6. O-O Ne7 7. c3 c5 8. dxc5 Nxc5
9. Nd4 a6 10. b4 Nd7 11. f4 Qb6 12. Be3 Qc7 13. g4 Bxb1 14. Rxb1 g6 15. Rc1 Nb6
16. f5 gxf5 17. gxf5 Qxe5 18. Bf4 Rg8+ 19. Kh1 Qe4+ 20. Rf3 Rg4 21. Bd3 Qxf4 22.
Rxf4 Rxf4 23. fxe6 1-0

[Event "queimadasfitas"]
[Site "?"]
[Date "2024.04.25"]
[Round "1.2"]
[White "Almeida, Joao Afonso Alvim Oliveira Dias De"]
[Black "Veiga, Jose Francisco Reis Pedreiras Das Neves"]
[Result "0-1"]
[LiveChessVersion "1.4.8"]
[BlackElo "2378"]
[WhiteElo "1689"]

1. e4 {[%clk 1:30:15]} e5 {[%clk 1:29:17]} 2. Nf3 {[%clk 1:30:37]} Nc6
{[%clk 1:29:42]} 3. Bc4 {[%clk 1:31:01]} Bc5 {[%clk 1:30:08]} 4. O-O
{[%clk 1:31:21]} Nf6 {[%clk 1:30:34]} 5. d3 {[%clk 1:31:26]} d6 {[%clk 1:30:59]}
6. c3 {[%clk 1:31:29]} a6 {[%clk 1:31:22]} 7. Be3 {[%clk 1:30:41]} Bxe3
{[%clk 1:25:13]} 8. fxe3 {[%clk 1:31:00]} O-O {[%clk 1:25:38]} 9. Nbd2
{[%clk 1:27:38]} Na5 {[%clk 1:23:04]} 10. Qe1 {[%clk 1:19:14]} d5
{[%clk 1:01:57]} 11. exd5 {[%clk 1:18:42]} b5 {[%clk 1:02:19]} 12. Bb3
{[%clk 1:17:59]} Nxb3 {[%clk 1:02:24]} 13. Nxb3 {[%clk 1:17:44]} Qxd5
{[%clk 1:02:43]} 14. d4 {[%clk 1:16:27]} e4 {[%clk 1:01:47]} 15. Ne5
{[%clk 1:14:16]} Ne8 {[%clk 1:01:10]} 16. Qh4 {[%clk 1:09:35]} Nd6
{[%clk 0:57:05]} 17. Nc5 {[%clk 1:02:48]} f6 {[%clk 0:53:32]} 18. Ng4
{[%clk 0:57:43]} Kh8 {[%clk 0:41:59]} 19. Ne5 {[%clk 0:54:50]} Bf5
{[%clk 0:38:04]} 20. Ng4 {[%clk 0:48:09]} a5 {[%clk 0:35:45]} 21. b3
{[%clk 0:45:50]} a4 {[%clk 0:34:33]} 22. Nf2 {[%clk 0:44:21]} Ra7
{[%clk 0:31:50]} 23. Nh3 {[%clk 0:41:27]} Kg8 {[%clk 0:27:16]} 24. Nf4
{[%clk 0:40:00]} Qa8 {[%clk 0:27:36]} 25. bxa4 {[%clk 0:36:29]} bxa4
{[%clk 0:27:44]} 26. Rab1 {[%clk 0:35:30]} Qe8 {[%clk 0:25:42]} 27. Rb4
{[%clk 0:35:03]} Qf7 {[%clk 0:25:18]} 28. d5 {[%clk 0:33:24]} Ra5
{[%clk 0:22:09]} 29. Nfe6 {[%clk 0:33:27]} Rc8 {[%clk 0:19:18]} 30. c4
{[%clk 0:31:01]} c6 {[%clk 0:18:40]} 31. Qg3 {[%clk 0:18:33]} Qe7
{[%clk 0:18:41]} 32. Rfb1 {[%clk 0:17:49]} Bxe6 {[%clk 0:12:00]} 33. Nxe6
{[%clk 0:18:03]} cxd5 {[%clk 0:11:08]} 34. Rb7 {[%clk 0:16:37]} Nxb7
{[%clk 0:11:10]} 0-1

[Event "queimadasfitas"]
[Site "?"]
[Date "2024.04.25"]
[Round "1.3"]
[White "Serarols Mabras, Bernat"]
[Black "Oliveira, Fernando Alves"]
[Result "1-0"]
[LiveChessVersion "1.4.8"]
[BlackElo "1689"]
[WhiteElo "2361"]

1. d4 {[%clk 1:29:03]} Nc6 {[%clk 1:29:51]} 2. c4 {[%clk 1:29:24]} e5
{[%clk 1:30:15]} 3. Nf3 {[%clk 1:27:58]} exd4 {[%clk 1:23:09]} 4. Nxd4
{[%clk 1:27:57]} Bb4+ {[%clk 1:23:14]} 5. Nc3 {[%clk 1:23:31]} Ne5
{[%clk 1:20:38]} 6. Qb3 {[%clk 1:17:58]} Bxc3+ {[%clk 1:11:58]} 7. Qxc3
{[%clk 1:18:07]} d6 {[%clk 1:12:01]} 8. g3 {[%clk 1:14:55]} Nf6 {[%clk 1:10:41]}
9. Bg2 {[%clk 1:15:06]} O-O {[%clk 1:10:31]} 10. O-O {[%clk 1:15:19]} Re8
{[%clk 0:57:17]} 11. Rd1 {[%clk 1:07:12]} Ng6 {[%clk 0:47:47]} 12. b3
{[%clk 0:59:47]} Ne4 {[%clk 0:41:43]} 13. Qc2 {[%clk 0:58:53]} Qe7
{[%clk 0:34:06]} 14. Bb2 {[%clk 0:58:18]} Nc5 {[%clk 0:30:48]} 15. Re1
{[%clk 0:56:30]} Ne6 {[%clk 0:24:37]} 16. Nf5 {[%clk 0:56:06]} Qd7
{[%clk 0:24:20]} 17. Qc3 {[%clk 0:48:32]} f6 {[%clk 0:22:14]} 18. e4
{[%clk 0:47:15]} Qf7 {[%clk 0:19:43]} 19. Rad1 {[%clk 0:47:12]} Nc5
{[%clk 0:18:56]} 20. Qc2 {[%clk 0:46:25]} Bd7 {[%clk 0:12:49]} 21. Ne3
{[%clk 0:43:41]} Rad8 {[%clk 0:10:35]} 22. Nd5 {[%clk 0:43:38]} Bg4
{[%clk 0:10:30]} 23. f3 {[%clk 0:43:05]} Be6 {[%clk 0:10:54]} 24. b4
{[%clk 0:41:03]} Na6 {[%clk 0:09:42]} 25. a3 {[%clk 0:41:19]} c6 {[%clk 0:10:10]}
26. Ne3 {[%clk 0:41:34]} d5 {[%clk 0:09:59]} 27. cxd5 {[%clk 0:41:22]} cxd5
{[%clk 0:10:21]} 28. exd5 {[%clk 0:41:14]} Bxd5 {[%clk 0:10:31]} 29. Nxd5
{[%clk 0:41:03]} Rxe1+ {[%clk 0:10:49]} 30. Rxe1 {[%clk 0:41:25]} Qxd5
{[%clk 0:11:06]} 31. f4 {[%clk 0:38:53]} Qb5 {[%clk 0:11:34]} 32. Qb3+
{[%clk 0:36:07]} Kf8 {[%clk 0:11:20]} 33. Qe3 {[%clk 0:34:27]} Nc7
{[%clk 0:09:23]} 34. Qxa7 {[%clk 0:33:00]} Nd5 {[%clk 0:08:17]} 35. Qd4
{[%clk 0:31:39]} Nge7 {[%clk 0:07:47]} 36. Qe4 {[%clk 0:27:10]} Kg8
{[%clk 0:03:18]} 37. Bf1 {[%clk 0:26:36]} Qd7 {[%clk 0:03:18]} 38. Bc4
{[%clk 0:26:19]} Qc7 {[%clk 0:01:53]} 39. Qxe7 {[%clk 0:24:18]} 1-0

[Event "queimadasfitas"]
[Site "?"]
[Date "2024.04.25"]
[Round "1.4"]
[White "Neto, Dinis Fonseca"]
[Black "Martins, Bruno  Leite"]
[Result "0-1"]
[LiveChessVersion "1.4.8"]
[BlackElo "2360"]
[WhiteElo "1685"]

1. e4 {[%clk 1:30:57]} c6 {[%clk 1:27:47]} 2. Nc3 {[%clk 1:30:37]} d5
{[%clk 1:27:31]} 3. d4 {[%clk 1:30:58]} dxe4 {[%clk 1:27:47]} 4. Nxe4
{[%clk 1:31:18]} Nf6 {[%clk 1:28:09]} 5. Nxf6+ {[%clk 1:31:09]} exf6
{[%clk 1:28:37]} 6. Bf4 {[%clk 1:30:39]} Be7 {[%clk 1:28:05]} 7. Nf3
{[%clk 1:28:18]} O-O {[%clk 1:28:28]} 8. Bd3 {[%clk 1:26:44]} Re8
{[%clk 1:27:10]} 9. O-O {[%clk 1:26:41]} Nd7 {[%clk 1:27:33]} 10. c3
{[%clk 1:24:40]} Nf8 {[%clk 1:27:53]} 11. h3 {[%clk 1:23:55]} Ng6
{[%clk 1:27:41]} 12. Bg3 {[%clk 1:23:10]} Be6 {[%clk 1:26:58]} 13. Qc2
{[%clk 1:22:18]} Qa5 {[%clk 1:18:10]} 14. a4 {[%clk 1:17:12]} Rad8
{[%clk 1:16:27]} 15. Rfd1 {[%clk 1:11:34]} Bd6 {[%clk 1:14:23]} 16. Bxd6
{[%clk 1:11:10]} Rxd6 {[%clk 1:14:51]} 17. b4 {[%clk 0:59:40]} Qh5
{[%clk 1:13:36]} 18. Bxg6 {[%clk 0:52:43]} hxg6 {[%clk 1:13:25]} 19. Re1
{[%clk 0:51:53]} Rdd8 {[%clk 1:10:00]} 20. Nh2 {[%clk 0:48:56]} Qg5
{[%clk 1:07:49]} 21. Qd3 {[%clk 0:39:51]} Bf5 {[%clk 1:07:19]} 22. Qf3
{[%clk 0:39:02]} Qd2 {[%clk 1:07:06]} 23. Rxe8+ {[%clk 0:34:08]} Rxe8
{[%clk 1:07:33]} 24. Rd1 {[%clk 0:34:15]} Re1+ {[%clk 1:05:08]} 25. Rxe1
{[%clk 0:34:18]} Qxe1+ {[%clk 1:05:35]} 26. Nf1 {[%clk 0:34:35]} Qb1
{[%clk 1:05:58]} 27. g4 {[%clk 0:32:01]} Bd3 {[%clk 1:06:07]} 28. Qg2
{[%clk 0:32:24]} Qc1 {[%clk 1:05:42]} 29. f3 {[%clk 0:31:53]} Qxc3
{[%clk 1:03:46]} 30. Qd2 {[%clk 0:29:57]} Qxd4+ {[%clk 1:03:03]} 31. Ne3
{[%clk 0:30:02]} b6 {[%clk 1:00:22]} 32. Kg2 {[%clk 0:28:54]} c5 {[%clk 0:59:28]}
33. bxc5 {[%clk 0:29:06]} bxc5 {[%clk 0:59:56]} 34. Qc1 {[%clk 0:28:43]} c4
{[%clk 0:59:25]} 35. Nd1 {[%clk 0:28:28]} Be2 {[%clk 0:59:41]} 36. Nc3
{[%clk 0:28:18]} Qd3 {[%clk 0:59:41]} 37. Nxe2 {[%clk 0:28:10]} Qxe2+
{[%clk 1:00:09]} 38. Kg3 {[%clk 0:28:35]} Qd3 {[%clk 0:59:51]} 39. Qe1
{[%clk 0:28:00]} c3 {[%clk 1:00:03]} 40. Qe8+ {[%clk 0:28:23]} Kh7
{[%clk 1:00:28]} 0-1

[Event "queimadasfitas"]
[Site "?"]
[Date "2024.04.25"]
[Round "1.5"]
[White "Martin Duque, Jesus"]
[Black "Camacho, Filipa Fernandes Brito"]
[Result "1-0"]
[LiveChessVersion "1.4.8"]
[BlackElo "1684"]
[WhiteElo "2336"]

1. Nf3 {[%clk 1:29:52]} d5 {[%clk 1:29:24]} 2. b3 {[%clk 1:30:16]} Nf6
{[%clk 1:29:19]} 3. Bb2 {[%clk 1:30:41]} e6 {[%clk 1:29:28]} 4. e3
{[%clk 1:30:45]} c5 {[%clk 1:29:46]} 5. c4 {[%clk 1:31:09]} b6 {[%clk 1:29:36]}
6. g3 {[%clk 1:29:02]} Bb7 {[%clk 1:29:08]} 7. Bg2 {[%clk 1:29:24]} Be7
{[%clk 1:27:03]} 8. O-O {[%clk 1:29:37]} O-O {[%clk 1:27:31]} 9. Nc3
{[%clk 1:29:49]} Nc6 {[%clk 1:23:45]} 10. cxd5 {[%clk 1:30:08]} exd5
{[%clk 1:23:21]} 11. d4 {[%clk 1:30:24]} Ba6 {[%clk 1:13:13]} 12. Re1
{[%clk 1:29:54]} c4 {[%clk 1:13:38]} 13. Ne5 {[%clk 1:29:40]} Qd6
{[%clk 1:09:04]} 14. bxc4 {[%clk 1:27:28]} Bxc4 {[%clk 1:07:07]} 15. Nxc4
{[%clk 1:27:30]} dxc4 {[%clk 1:07:08]} 16. Qa4 {[%clk 1:27:37]} Rac8
{[%clk 1:03:35]} 17. Qxc4 {[%clk 1:26:28]} Nb4 {[%clk 0:59:06]} 18. Qe2
{[%clk 1:26:41]} Qd7 {[%clk 0:58:12]} 19. Rac1 {[%clk 1:22:15]} Qf5
{[%clk 0:53:04]} 20. e4 {[%clk 1:21:44]} Qa5 {[%clk 0:52:51]} 21. a3
{[%clk 1:21:01]} Nc6 {[%clk 0:49:05]} 22. Nd5 {[%clk 1:20:47]} Rfd8
{[%clk 0:43:17]} 23. Rxc6 {[%clk 1:20:52]} Nxd5 {[%clk 0:43:20]} 24. exd5
{[%clk 1:21:10]} Bf8 {[%clk 0:41:16]} 25. Rec1 {[%clk 1:19:59]} Re8
{[%clk 0:40:25]} 26. Qd3 {[%clk 1:18:45]} Rcd8 {[%clk 0:36:58]} 27. h4
{[%clk 1:17:11]} Re1+ {[%clk 0:34:25]} 28. Kh2 {[%clk 1:12:28]} Rxc1
{[%clk 0:28:59]} 29. Bxc1 {[%clk 1:12:37]} Qe1 {[%clk 0:28:21]} 30. Qf3
{[%clk 1:12:10]} Be7 {[%clk 0:25:44]} 31. Rc7 {[%clk 1:11:04]} a6
{[%clk 0:23:33]} 32. Bg5 {[%clk 1:10:20]} f6 {[%clk 0:23:24]} 33. d6
{[%clk 1:10:40]} Bf8 {[%clk 0:21:40]} 34. Bxf6 {[%clk 1:10:04]} Qe8
{[%clk 0:17:26]} 35. Bxd8 {[%clk 1:10:05]} Qxd8 {[%clk 0:17:35]} 36. Qf7+
{[%clk 1:10:31]} Kh8 {[%clk 0:17:53]} 37. Bd5 {[%clk 1:10:57]} 1-0

[Event "queimadasfitas"]
[Site "?"]
[Date "2024.04.25"]
[Round "1.6"]
[White "Correia, Pedro  Soares"]
[Black "Grimm, Daniel"]
[Result "0-1"]
[LiveChessVersion "1.4.8"]
[BlackElo "2296"]
[WhiteElo "1684"]

1. e4 {[%clk 1:30:56]} Nf6 {[%clk 1:30:33]} 2. Nc3 {[%clk 1:31:09]} d6
{[%clk 1:29:42]} 3. d4 {[%clk 1:29:04]} Nbd7 {[%clk 1:29:45]} 4. Nf3
{[%clk 1:24:52]} e5 {[%clk 1:29:42]} 5. Bc4 {[%clk 1:20:18]} Be7 {[%clk 1:24:16]}
6. O-O {[%clk 1:17:23]} O-O {[%clk 1:22:06]} 7. Qe2 {[%clk 1:15:08]} c6
{[%clk 1:19:02]} 8. a4 {[%clk 1:13:27]} Qc7 {[%clk 1:16:13]} 9. a5
{[%clk 1:11:35]} Rb8 {[%clk 1:11:15]} 10. Be3 {[%clk 1:02:51]} exd4
{[%clk 1:04:56]} 11. Bxd4 {[%clk 0:59:33]} b5 {[%clk 1:01:20]} 12. axb6
{[%clk 0:54:51]} axb6 {[%clk 1:01:36]} 13. Ra2 {[%clk 0:46:36]} Ne5
{[%clk 0:55:27]} 14. Nxe5 {[%clk 0:36:44]} dxe5 {[%clk 0:55:44]} 15. Be3
{[%clk 0:36:27]} Nd7 {[%clk 0:48:26]} 16. Rfa1 {[%clk 0:33:50]} b5
{[%clk 0:41:35]} 17. Bb3 {[%clk 0:25:48]} Nc5 {[%clk 0:39:05]} 18. Bxc5
{[%clk 0:20:13]} Bxc5 {[%clk 0:39:20]} 19. Nd1 {[%clk 0:16:20]} Qe7
{[%clk 0:37:35]} 20. c3 {[%clk 0:11:44]} Qf6 {[%clk 0:35:10]} 21. Kh1
{[%clk 0:07:51]} g6 {[%clk 0:34:41]} 22. Ra8 {[%clk 0:07:17]} Bg4
{[%clk 0:30:33]} 23. Qxg4 {[%clk 0:03:36]} Rxa8 {[%clk 0:30:56]} 24. Rc1
{[%clk 0:03:17]} Rfd8 {[%clk 0:28:06]} 25. Qe2 {[%clk 0:02:24]} Qf4 0-1

[Event "queimadasfitas"]
[Site "?"]
[Date "2024.04.25"]
[Round "1.7"]
[White "Iglesias Ferreira, Andres Agustin"]
[Black "Marques, Goncalo Costa Campos Guedes"]
[Result "1-0"]
[LiveChessVersion "1.4.8"]
[BlackElo "1683"]
[WhiteElo "2261"]

1. e4 {[%clk 1:30:59]} e5 {[%clk 1:30:53]} 2. Nf3 {[%clk 1:31:21]} Nc6
{[%clk 1:31:16]} 3. Bb5 {[%clk 1:31:40]} a6 {[%clk 1:31:37]} 4. Ba4
{[%clk 1:31:05]} Nf6 {[%clk 1:32:01]} 5. O-O {[%clk 1:31:22]} Be7
{[%clk 1:32:25]} 6. Bxc6 {[%clk 1:29:21]} dxc6 {[%clk 1:30:48]} 7. d3
{[%clk 1:29:40]} Qd6 {[%clk 1:27:02]} 8. b3 {[%clk 1:24:48]} Bg4 {[%clk 1:21:43]}
9. Nbd2 {[%clk 1:23:55]} Bxf3 {[%clk 1:14:18]} 10. Qxf3 {[%clk 1:23:48]} b5
{[%clk 1:00:07]} 11. Bb2 {[%clk 1:22:25]} O-O {[%clk 0:53:07]} 12. Qg3
{[%clk 1:16:32]} Nd7 {[%clk 0:52:31]} 13. Nf3 {[%clk 1:16:46]} Bf6
{[%clk 0:51:04]} 14. Rfe1 {[%clk 1:08:32]} Rfe8 {[%clk 0:44:54]} 15. Rad1
{[%clk 1:05:21]} Qc5 {[%clk 0:34:42]} 16. c3 {[%clk 1:02:38]} Nf8
{[%clk 0:32:03]} 17. d4 {[%clk 1:02:50]} exd4 {[%clk 0:32:24]} 18. cxd4
{[%clk 1:02:37]} Qb6 {[%clk 0:32:42]} 19. e5 {[%clk 1:02:44]} Be7
{[%clk 0:33:01]} 20. d5 {[%clk 1:01:01]} Ng6 {[%clk 0:25:41]} 21. d6
{[%clk 0:59:16]} cxd6 {[%clk 0:25:27]} 22. exd6 {[%clk 0:59:35]} Bf8
{[%clk 0:25:45]} 23. Rxe8 {[%clk 0:59:34]} Rxe8 {[%clk 0:26:10]} 24. h4
{[%clk 0:59:40]} Re2 {[%clk 0:25:07]} 25. h5 {[%clk 0:57:13]} Rxb2
{[%clk 0:23:09]} 26. hxg6 {[%clk 0:57:31]} hxg6 {[%clk 0:23:36]} 27. Qh4
{[%clk 0:55:42]} f6 {[%clk 0:22:02]} 28. d7 {[%clk 0:55:52]} Be7 {[%clk 0:20:02]}
29. Qd4 {[%clk 0:54:00]} Qxd4 {[%clk 0:19:59]} 30. Nxd4 1-0

[Event "queimadasfitas"]
[Site "?"]
[Date "2024.04.25"]
[Round "1.8"]
[White "Meuter, Alain Louis"]
[Black "Povshednyi, Ivan"]
[Result "0-1"]
[LiveChessVersion "1.4.8"]
[BlackElo "2249"]
[WhiteElo "1674"]

1. Nf3 {[%clk 1:29:46]} g6 {[%clk 1:30:26]} 2. g3 {[%clk 1:29:34]} Bg7
{[%clk 1:30:20]} 3. Bg2 {[%clk 1:28:55]} Nf6 {[%clk 1:28:36]} 4. O-O
{[%clk 1:25:57]} O-O {[%clk 1:26:47]} 5. d3 {[%clk 1:24:22]} d6 {[%clk 1:25:13]}
6. e4 {[%clk 1:22:45]} c5 {[%clk 1:25:28]} 7. c3 {[%clk 1:22:35]} Nc6 8. Re1
{[%clk 1:22:23]} e5 {[%clk 1:24:50]} 9. Nbd2 {[%clk 1:21:57]} h6 {[%clk 1:23:30]}
10. Nf1 {[%clk 1:20:04]} Be6 {[%clk 1:18:41]} 11. Ne3 {[%clk 1:10:20]} Nd7
{[%clk 1:12:56]} 12. g4 {[%clk 1:04:44]} Nf6 {[%clk 1:07:28]} 13. h3
{[%clk 1:01:48]} Re8 {[%clk 1:06:10]} 14. c4 {[%clk 0:56:18]} Nh7
{[%clk 0:57:16]} 15. Nf1 {[%clk 0:52:51]} Ng5 {[%clk 0:57:18]} 16. N3h2
{[%clk 0:49:39]} Nd4 {[%clk 0:49:37]} 17. Be3 {[%clk 0:46:58]} Bd7
{[%clk 0:49:01]} 18. Bxd4 {[%clk 0:36:27]} cxd4 {[%clk 0:45:27]} 19. Ng3
{[%clk 0:36:19]} Ne6 {[%clk 0:45:34]} 20. Ne2 {[%clk 0:36:22]} Bf6
{[%clk 0:45:46]} 21. Nf3 {[%clk 0:26:37]} Kg7 {[%clk 0:45:40]} 22. Qd2
{[%clk 0:20:04]} Rh8 {[%clk 0:44:48]} 23. Rf1 {[%clk 0:19:04]} h5
{[%clk 0:44:05]} 24. Nh2 {[%clk 0:18:36]} hxg4 {[%clk 0:40:41]} 25. hxg4
{[%clk 0:14:04]} Bg5 {[%clk 0:40:46]} 26. f4 {[%clk 0:12:50]} Nxf4
{[%clk 0:40:13]} 27. Nxf4 {[%clk 0:10:55]} Bxf4 {[%clk 0:39:30]} 28. Rxf4
{[%clk 0:10:36]} exf4 {[%clk 0:39:57]} 29. Qxf4 {[%clk 0:10:34]} Qf6
{[%clk 0:40:18]} 0-1

[Event "queimadasfitas"]
[Site "?"]
[Date "2024.04.25"]
[Round "1.10"]
[White "Melo, Ricardo Jorge Do Nascimento Cabral De"]
[Black "Garcia Dorado, Alberto"]
[Result "0-1"]
[LiveChessVersion "1.4.8"]
[BlackElo "2218"]
[WhiteElo "1663"]

1. d4 {[%clk 1:30:30]} Nf6 {[%clk 1:29:06]} 2. c4 {[%clk 1:31:20]} e6
{[%clk 1:29:26]} 3. Nc3 {[%clk 1:31:43]} Bb4 {[%clk 1:29:00]} 4. a3
{[%clk 1:29:05]} Bxc3+ {[%clk 1:26:29]} 5. bxc3 {[%clk 1:29:26]} d5
{[%clk 1:22:14]} 6. Bg5 {[%clk 1:25:38]} O-O {[%clk 1:21:12]} 7. cxd5
{[%clk 1:20:37]} exd5 {[%clk 1:21:02]} 8. Bxf6 {[%clk 1:18:50]} Qxf6
{[%clk 1:21:30]} 9. e3 {[%clk 1:19:07]} Nc6 {[%clk 1:10:11]} 10. Bd3
{[%clk 1:19:18]} Ne7 {[%clk 1:09:13]} 11. Ne2 {[%clk 1:19:21]} Bf5
{[%clk 1:08:27]} 12. Ng3 {[%clk 1:19:28]} Bg6 {[%clk 1:08:00]} 13. O-O
{[%clk 1:19:31]} Qe6 {[%clk 1:07:46]} 14. Re1 {[%clk 1:00:19]} Bxd3
{[%clk 1:06:30]} 15. Qxd3 {[%clk 0:57:09]} f5 {[%clk 1:06:46]} 16. f3
{[%clk 0:53:30]} Qg6 {[%clk 0:58:49]} 17. Ne2 {[%clk 0:45:32]} c6
{[%clk 0:55:13]} 18. c4 {[%clk 0:42:43]} Qf7 {[%clk 0:54:12]} 19. cxd5
{[%clk 0:35:29]} Nxd5 {[%clk 0:53:41]} 20. Nc3 {[%clk 0:35:28]} Rad8
{[%clk 0:47:13]} 21. Nxd5 {[%clk 0:29:26]} Qxd5 {[%clk 0:47:11]} 22. Rac1
{[%clk 0:29:26]} f4 {[%clk 0:45:34]} 23. Qc4 {[%clk 0:26:47]} fxe3
{[%clk 0:39:55]} 24. Qxd5+ {[%clk 0:27:09]} Rxd5 {[%clk 0:40:12]} 25. Rxe3
{[%clk 0:27:32]} Rfd8 {[%clk 0:39:01]} 26. Re7 {[%clk 0:26:16]} R8d7
{[%clk 0:39:11]} 27. Rce1 {[%clk 0:24:53]} Rxd4 {[%clk 0:39:07]} 28. R1e3
{[%clk 0:13:36]} Kf8 {[%clk 0:38:21]} 29. R7e5 R4d5 {[%clk 0:37:41]} 30. Re8+
{[%clk 0:13:37]} Kf7 {[%clk 0:37:58]} 31. R8e4 {[%clk 0:13:57]} Rd4
{[%clk 0:37:00]} 32. Re5 {[%clk 0:14:01]} g6 {[%clk 0:37:16]} 33. Rc5
{[%clk 0:13:20]} Rd3 {[%clk 0:35:47]} 34. Rxd3 {[%clk 0:13:07]} Rxd3
{[%clk 0:36:04]} 35. Ra5 {[%clk 0:13:28]} a6 {[%clk 0:36:04]} 36. Kf2
{[%clk 0:13:46]} Rd2+ {[%clk 0:35:48]} 37. Kg3 {[%clk 0:13:56]} Ke6
{[%clk 0:35:25]} 38. Ra4 {[%clk 0:13:51]} c5 {[%clk 0:35:05]} 39. Re4+
{[%clk 0:13:20]} Kd7 {[%clk 0:35:17]} 40. Rh4 {[%clk 0:13:31]} h5
{[%clk 0:35:21]} 41. Rf4 {[%clk 0:13:36]} b5 {[%clk 0:35:23]} 42. Rf6
{[%clk 0:13:43]} Rd6 {[%clk 0:35:45]} 43. Rf7+ {[%clk 0:12:44]} Kc6
{[%clk 0:35:32]} 44. Kf4 {[%clk 0:12:26]} b4 {[%clk 0:35:51]} 45. axb4
{[%clk 0:12:30]} cxb4 {[%clk 0:36:11]} 46. Rf8 {[%clk 0:10:30]} Kc7
{[%clk 0:35:31]} 47. h4 {[%clk 0:10:48]} b3 {[%clk 0:35:08]} 48. Rf7+
{[%clk 0:07:17]} Rd7 {[%clk 0:35:12]} 49. Rf6 {[%clk 0:06:41]} b2
{[%clk 0:35:30]} 0-1

[Event "queimadasfitas"]
[Site "?"]
[Date "2024.04.25"]
[Round "1.11"]
[White "Farias, David Nuno Moita Esteves"]
[Black "Tacuchian, Marcelo De Oliveira"]
[Result "1-0"]
[LiveChessVersion "1.4.8"]
[BlackElo "1660"]
[WhiteElo "2194"]

1. e4 {[%clk 1:30:48]} c5 {[%clk 1:30:53]} 2. Nf3 {[%clk 1:31:01]} Nc6
{[%clk 1:31:08]} 3. d4 {[%clk 1:30:54]} cxd4 {[%clk 1:31:24]} 4. Nxd4
{[%clk 1:31:18]} g6 {[%clk 1:31:32]} 5. c4 {[%clk 1:30:39]} Bg7 {[%clk 1:31:41]}
6. Be3 {[%clk 1:30:47]} Qb6 {[%clk 1:30:18]} 7. Nb3 {[%clk 1:22:47]} Qc7
{[%clk 1:28:20]} 8. Qd2 {[%clk 1:21:52]} Nf6 {[%clk 1:27:53]} 9. f3
{[%clk 1:21:53]} e6 {[%clk 1:25:01]} 10. Nc3 {[%clk 1:21:24]} a6 {[%clk 1:23:16]}
11. O-O-O {[%clk 1:19:09]} Na5 {[%clk 1:10:48]} 12. Nxa5 {[%clk 1:02:39]} Qxa5
{[%clk 1:11:07]} 13. Qd6 {[%clk 1:00:35]} Bf8 {[%clk 1:00:36]} 14. Qd4
{[%clk 1:00:18]} e5 {[%clk 0:55:12]} 15. Qd3 {[%clk 0:58:16]} Bb4
{[%clk 0:48:37]} 16. Bd2 {[%clk 0:55:05]} Qb6 {[%clk 0:46:27]} 17. Kb1
{[%clk 0:48:36]} Be7 {[%clk 0:45:51]} 18. Bh6 {[%clk 0:47:30]} Bf8
{[%clk 0:38:28]} 19. Qd2 {[%clk 0:43:13]} Ng8 {[%clk 0:32:54]} 20. Bg5
{[%clk 0:40:20]} f6 {[%clk 0:29:42]} 21. Nd5 {[%clk 0:39:19]} Qc6
{[%clk 0:29:16]} 22. Be3 {[%clk 0:38:52]} Bc5 {[%clk 0:25:09]} 23. Bxc5
{[%clk 0:37:23]} Qxc5 {[%clk 0:25:34]} 24. b4 {[%clk 0:37:30]} Qc6
{[%clk 0:25:06]} 25. c5 {[%clk 0:36:38]} Ne7 {[%clk 0:21:42]} 26. Bc4
{[%clk 0:36:07]} Nxd5 {[%clk 0:19:13]} 27. exd5 {[%clk 0:36:24]} Qc7
{[%clk 0:18:18]} 28. d6 {[%clk 0:36:42]} Qd8 {[%clk 0:17:58]} 29. Qd5
{[%clk 0:37:03]} Rf8 {[%clk 0:17:37]} 30. Rhe1 {[%clk 0:37:27]} g5
{[%clk 0:17:23]} 31. Rxe5+ {[%clk 0:37:42]} 1-0